Ciudades de Chile - Estadísticas

Estadísticas generales
  • Esta prueba ha sido intentada 140 veces
    136 desde el último reinicio
  • La puntuación promedio es 64 de 261
Estadísticas de respuestas
Región Población Ciudad % Correcto
Metropolitana 402.847 Santiago
98%
Valparaíso 251.177 Valparaíso
90%
Antofagasta 348.517 Antofagasta
81%
Valparaíso 332.875 Viña del Mar
81%
Arica y Parinacota 202.131 Arica
72%
Tarapacá 188.003 Iquique
71%
Bío-Bío 217.537 Concepción
70%
Coquimbo 204.068 Coquimbo
70%
Coquimbo 195.382 La Serena
70%
Los Lagos 169.736 Puerto Montt
70%
Maule 206.069 Talca
70%
Araucanía 235.509 Temuco
69%
Los Ríos 150.048 Valdivia
66%
O'Higgins 231.370 Rancagua
65%
Magallanes 123.403 Punta Arenas
64%
Metropolitana 566.561 Puente Alto
63%
Ñuble 164.270 Chillán
58%
Metropolitana 294.480 Las Condes
58%
Antofagasta 157.575 Calama
56%
Metropolitana 515.240 Maipú
54%
Metropolitana 141.986 Providencia
54%
Los Lagos 26.172 Puerto Varas
53%
Maule 125.275 Curicó
52%
Bío-Bío 143.023 Los Ángeles
51%
Antofagasta 5.347 San Pedro de Atacama
51%
Bío-Bío 131.521 San Pedro de La Paz
51%
Metropolitana 208.048 Ñuñoa
50%
Los Lagos 147.666 Osorno
50%
Valparaíso 39.345 Concón
49%
Metropolitana 103.092 Lo Barnechea
49%
Araucanía 17.538 Pucón
49%
Atacama 150.804 Copiapó
48%
Valparaíso 86.239 San Antonio
48%
Metropolitana 290.912 San Bernardo
48%
Araucanía 31.780 Villarrica
47%
Metropolitana 65.607 Buin
46%
Metropolitana 72.212 Melipilla
46%
Metropolitana 85.300 Vitacura
46%
Metropolitana 140.809 Estación Central
45%
Metropolitana 366.376 La Florida
45%
Metropolitana 116.249 Macul
44%
Metropolitana 101.035 Pedro Aguirre Cerda
44%
Los Lagos 12.876 Frutillar
43%
Santiago 205.558 Pudahuel
43%
Magallanes 1.868 Puerto Williams
43%
O'Higgins 58.367 San Fernando
43%
Bío-Bío 147.831 Talcahuano
43%
Los Lagos 33.417 Castro
41%
Valparaíso 59.388 Los Andes
41%
Valparaíso 47.072 La Calera
40%
Metropolitana 176.105 La Pintana
40%
Aysén 17.441 Puerto Aysén
40%
Metropolitana 146.987 Renca
40%
Metropolitana 107.828 San Miguel
40%
Metropolitana 88.858 Colina
39%
Metropolitana 209.676 Quilicura
39%
Valparaíso 73.261 Quillota
39%
Valparaíso 147.991 Quilpué
39%
O'Higgins 12.776 Pichilemu
38%
Maule 73.602 Linares
37%
Magallanes 19.023 Puerto Natales
37%
Valparaíso 64.120 San Felipe
37%
Aysén 49.667 Coyhaique
36%
Metropolitana 241.394 Peñalolén
36%
Metropolitana 92.678 La Reina
35%
Metropolitana 157.569 Recoleta
35%
Antofagasta 24.521 Tocopilla
35%
Valparaíso 9.062 Algarrobo
34%
Metropolitana 98.500 Huechuraba
33%
Metropolitana 37.599 Lampa
33%
Valparaíso 39.002 Limache
33%
Metropolitana 100.059 Independencia
32%
Metropolitana 89.889 La Cisterna
32%
Valparaíso 125.140 Villa Alemana
32%
Los Lagos 28.162 Ancud
31%
Metropolitana 162.415 El Bosque
31%
Metropolitana 8.829 El Principal
31%
Metropolitana 116.312 La Granja
31%
Metropolitana 98.651 Lo Espejo
31%
Araucanía 48.608 Angol
30%
Maule 34.022 Constitución
30%
Bío-Bío 112.057 Coronel
30%
Metropolitana 55.561 Padre Hurtado
30%
Metropolitana 31.317 Paine
30%
O'Higgins 37.721 Rengo
30%
Ñuble 32.529 San Carlos
30%
Coquimbo 75.864 Ovalle
29%
Bío-Bío 42.312 Tomé
29%
Metropolitana 80.710 Cerrillos
28%
Metropolitana 132.401 Cerro Navia
28%
Los Lagos 12.945 Llanquihue
28%
Metropolitana 95.901 Lo Prado
28%
Maule 7.039 Maule
28%
Metropolitana 82.959 Peñaflor
28%
Los Ríos 9.767 San José de la Mariquina
28%
Metropolitana 6.230 San José de Maipo
28%
Metropolitana 56.878 Talagante
28%
Atacama 45.298 Vallenar
28%
Metropolitana 126.800 Conchalí
27%
Bío-Bío 90.704 Hualpén
27%
Bío-Bío 43.272 Lota
27%
Los Ríos 11.091 Panguipulli
26%
Metropolitana 109.784 Quinta Normal
26%
Valparaíso 26.247 Quintero
26%
Metropolitana 94.325 San Joaquín
26%
Metropolitana 82.602 San Ramón
26%
Bío-Bío 19.398 Cañete
25%
Valparaíso 20.792 Cartagena
25%
Los Ríos 26.517 La Unión
25%
Coquimbo 13.816 Los Vilos
25%
Valparaíso 11.996 Olmué
25%
Los Lagos 17.552 Quellón
25%
O'Higgins 20.827 San Vicente de Tagua Tagua
25%
Tarapacá 105.065 Alto Hospicio
24%
Los Ríos 9.746 Los Lagos
24%
Bío-Bío 46.718 Penco
24%
Valparaíso 6.147 Santo Domingo
24%
Valparaíso 19.127 La Ligua
23%
Bío-Bío 17.597 Arauco
22%
Atacama 11.073 Chañaral
22%
Valparaíso 14.769 El Quisco
22%
Valparaíso 17.948 Casablanca
21%
Bío-Bío 85.633 Chiguayante
21%
Aysén 2.789 Cochrane
21%
Metropolitana 29.998 El Monte
21%
Valparaíso 6.982 El Tabo
21%
Metropolitana 14.176 Isla de Maipo
21%
Coquimbo 5.552 Tongoy
21%
Araucanía 24.773 Victoria
21%
Metropolitana 7.802 Bajos de San Agustín
20%
Metropolitana 10.975 Chicureo
20%
Ñuble 27.359 Chillán Viejo
20%
O'Higgins 16.813 Chimbarongo
20%
Metropolitana 16.686 Curacaví
20%
Maule 30.767 Parral
20%
Arica y Parinacota 1.716 Putre
20%
O'Higgins 22.681 Santa Cruz
20%
Metropolitana 5.549 Tiltil
20%
Maule 32.135 Cauquenes
19%
Araucanía 5.443 Freire
19%
Atacama 15.547 Caldera
18%
O'Higgins 48.667 Machalí
18%
Antofagasta 10.933 Taltal
18%
Coquimbo 15.872 Vicuña
18%
Araucanía 5.673 Cajón
17%
Atacama 6.032 El Salvador
17%
Bío-Bío 20.961 Lebu
17%
Ñuble 10.279 Quillón
17%
Ñuble 11.072 Bulnes
16%
Maule 37.189 Molina
16%
Araucanía 42.020 Padre Las Casas
16%
Los Ríos 16.909 Río Bueno
16%
Metropolitana 16.784 Batuco
15%
Los Lagos 1.639 Chaitén
15%
Aysén 3.129 Chile Chico
15%
Araucanía 24.280 Lautaro
15%
Valparaíso 17.934 Llaillay
15%
Antofagasta 12.784 Mejillones
15%
Valparaíso 5.271 Puchuncaví
15%
Los Lagos 15.903 Calbuco
14%
O'Higgins 28.679 Graneros
14%
Bío-Bío 16.089 La Laja
14%
Araucanía 15.303 Loncoche
14%
Bío-Bío 24.113 Mulchén
14%
Valparaíso 10.293 San Esteban
14%
Bío-Bío 14.978 Cabrero
13%
Araucanía 16.175 Collipulli
13%
Los Lagos 7.120 Dalcahue
13%
Bío-Bío 19.643 Hualqui
13%
Coquimbo 20.751 Illapel
13%
Valparaíso 19.408 La Cruz
13%
Bío-Bío 22.857 Nacimiento
13%
Araucanía 16.516 Pitrufquén
13%
Valparaíso 39.344 Placilla de Peñuelas
13%
Valparaíso 6.722 Putaendo
13%
O'Higgins 12.719 San Francisco de Mostazal
13%
Los Lagos 7.328 Fresia
12%
Valparaíso 7.163 Hanga Roa
12%
Coquimbo 13.520 Salamanca
12%
Bío-Bío 9.549 Santa Juana
12%
Bío-Bío 9.751 Yumbel
12%
Los Lagos 7.928 Los Muermos
11%
Araucanía 18.751 Nueva Imperial
11%
Tarapacá 9.277 Pozo Almonte
11%
Atacama 9.857 Tierra Amarilla
11%
Ñuble 10.884 Yungay
11%
Los Lagos 5.632 Chonchi
10%
Bío-Bío 30.139 Curanilahue
10%
Atacama 7.223 Diego de Almagro
10%
Valparaíso 9.808 El Melón
10%
Atacama 7.071 Huasco
10%
Magallanes 5.992 Porvenir
10%
Los Lagos 12.614 Purranque
10%
O'Higgins 10.539 Requínoa
10%
Maule 29.017 San Javier
10%
Bío-Bío 7.943 Santa Bárbara
10%
Los Lagos 42.267 Alerce
9%
Araucanía 12.679 Curacautín
9%
O'Higgins 7.449 Doñihue
9%
Los Ríos 7.095 Futrono
9%
Los Ríos 8.521 Lanco
9%
Valparaíso 8.889 Nogales
9%
Valparaíso 8.036 Rinconada
9%
Los Lagos 6.978 Río Negro
9%
Coquimbo 9.989 Andacollo
8%
Valparaíso 10.909 Cabildo
8%
Valparaíso 9.653 Calle Larga
8%
Valparaíso 7.772 Catemu
8%
O'Higgins 5.461 Coltauco
8%
Araucanía 7.166 Cunco
8%
O'Higgins 7.766 Las Cabras
8%
Maule 7.098 Longaví
8%
Bío-Bío 15.244 Los Álamos
8%
Los Ríos 11.296 Paillaco
8%
Maule 20.350 San Clemente
8%
Maule 9.508 Teno
8%
Bío-Bío 14.257 Traiguén
8%
Maule 8.159 Villa Alegre
8%
Araucanía 11.325 Carahue
7%
O'Higgins 6.659 Codegua
7%
Araucanía 8.592 Gorbea
7%
Valparaíso 9.418 Hijuelas
7%
Araucanía 24.008 Labranza
7%
Valparaíso 5.490 Las Cruces
7%
O'Higgins 8.774 Nancagua
7%
Araucanía 6.416 Vilcún
7%
Ñuble 10.297 Coelemu
6%
Maule 6.928 Colbún
6%
Coquimbo 6.533 Monte Patria
6%
Metropolitana 5.304 Peralillo
6%
Coquimbo 5.700 Punitaqui
6%
Valparaíso 7.671 Santa María
6%
Coquimbo 5.915 Combarbalá
5%
O'Higgins 8.522 Peumo
5%
Araucanía 7.524 Purén
5%
Araucanía 6.516 Renaico
5%
Maule 5.498 Retiro
5%
Maule 6.480 Romeral
5%
Metropolitana 6.122 Hospital
4%
Maule 5.740 Hualañé
4%
Bío-Bío 7.780 Huépil
4%
O'Higgins 5.604 Pichidegua
4%
Ñuble 9.432 Quirihue
4%
Maule 5.520 Rauco
4%
Metropolitana 16.966 Valle Grande
4%
O'Higgins 6.146 Chépica
3%
Ñuble 9.089 Coihueco
3%
O'Higgins 7.223 Quinta de Tilcoco
3%
Metropolitana 5.308 Bollenar
2%
Metropolitana 7.747 Chamisero
2%
Maule 30.278 Culenar
2%
Coquimbo 6.175 El Palqui
2%
Bío-Bío 5.014 Laraquete
2%
Valparaíso 8.314 Las Ventanas
2%
Bío-Bío 6.574 Monte Águila
2%
Metropolitana 7.000 Alto Jahuel
1%
Metropolitana 11.512 Ciudad del Valle
1%
O'Higgins 5.423 Gultro
1%
Metropolitana 11.431 La Islita
1%
O'Higgins 6.990 La Punta
0%
O'Higgins 9.000 Lo Miranda
0%
No se encontraron pruebas coincidentes
Distribución de puntuación
Porcentaje de gente con cada puntuación
Porcentaje por número respondido
Historial de tus puntuaciones
No has intentado esta prueba desde el último reinicio